Movies Quiz

Random Movies or Quote Quiz

Princess Bride Funny quotes Quiz Stats

 Plays Quiz not verified by Sporcle

Score 0/19 Timer 07:00
0 Plays Today
Quote Answer % Correct
'You can die too for all I care.'AS... YOU... WISH.
75.8%
'INCONCEIVABLE.' 'You keep using that word.'I do not think it means what you think it means.
75.6%
'Jump in after her!' 'I don't swim,'I only dog paddle.
72.5%
'when I found you, you were so slobbering drunk,'you couldn't buy Brandy!
70%
'My name is Inigo Montoya. You killed my father. Prepare to die.'Stop saying that!
64.1%
'Because I know something you don't know.' 'And what is that?'I... am not left-handed.
64%
'I'll explain and I'll use small words so that you'll be sure to understand,'you warthog faced buffoon.
56.9%
'For the last time, surrender!'DEATH FIRST!
52.2%
'Death cannot stop true love.'All it can do is delay it for a while.
43.6%
'There is nothing nearby... Not for miles.'Then there will be no one to hear you scream.
43%
Quote Answer % Correct
'Pardon me, Please it's important... Fezzik, please?'EVERYBODY MOVE!
38.9%
'but only slightly less well-known is this:'Never go against a Sicilian when death is on the line
33.2%
'We'll never survive.'Nonsense. You're only saying that because no one ever has.
30.3%
'I think you're bluffing.'It's possible, Pig,
26.1%
'You were not hired for your brains,'you hippopotamic land mass.
18%
'But how can you be sure?'This is true love, you think this happens every day?
12.8%
'You are wonderful.'Thank you; I've worked hard to become so.
12%
'Well, when does it get good?'Keep your shirt on, and let me read.
8.3%
'Look, are you just fiddling around with me or what?'I just want you to feel you're doing well.
6.7%

You're not logged in!

Compare scores with friends on all Sporcle quizzes.
OR
Log In

Show Comments

Extras

Created Nov 20, 2010ReportNominate
Tags:Quote Quiz, Princess Bride

Top Quizzes Today


Score Distribution

Your Account Isn't Verified!

In order to create a playlist on Sporcle, you need to verify the email address you used during registration. Go to your Sporcle Settings to finish the process.

Report this User

Report this user for behavior that violates our Community Guidelines.

Details: